000 01276cab a2200397 4500
001 ABS56539
008 090401t1997 xxu||||| |||| 00| 0 eng d
035 _a(Sirsi) u24378
041 _aeng
245 _aTransport focus
260 _c1997
350 _a0
490 _aPlanning Week
_v5(3) 23 January 1997, 12-21(10)
520 _aReport on transport issues, looking at the cause and effect of traffic congestion in town centres. Considers the use of public transport, including trams and restoration of old railway lines, encouraging bicycle use, implementation of widescale urban road tolls, and the use of planning policy in protecting air quality.
650 _aAIR QUALITY
650 _aCAR USE
650 _aCONGESTION
650 _aCYCLING
650 _aNOTTINGHAM
650 _aPLANNING POLICY
650 _aPLANNING POLICY GUIDANCE NOTE 13
650 _aPUBLIC TRANSPORT
650 _aRAILWAYS
650 _aROBIN HOOD LINE
650 _aSHEFFIELD
650 _aSUPERTRAM
650 _aTOLLS
650 _aTOWN CENTRES
650 _aTRAFFIC MANAGEMENT
650 _aTRAMS
650 _aTRANSPORT INFRASTRUCTURE
650 _aTRANSPORT ISSUES
690 _aTRANSPORT AND COMMUNICATIONS
942 _n0
948 _c04/03/1997
999 _c16347
_d16347